Score 0/179 Timer 08:00
0 Plays Today
Hint Answer % Correct
Howling at a Concrete Moon*I
90.5%
Howling at a Concrete Moon*I
90.5%
Meditations on Turning EightI
90.5%
Meditations on Turning EightI
90.5%
Elegy for Geezer RockI
90.5%
Go, Dad, Goa
90.1%
Howling at a Concrete Moon*a
90.1%
Howling at a Concrete Moon*a
90.1%
Meditations on Turning Eighta
90.1%
Meditations on Turning Eighta
90.1%
Cat Mathcat.
75.9%
Cat Mathcat
75.9%
Meditations on Turning Eightcat
75.9%
Meditations on Turning Eightcat
75.9%
Howling at a Concrete Moon*go
74.2%
Go, Dad, Gothe
65.5%
Go, Dad, Gothe
65.5%
Elegy for Geezer Rockthe
65.5%
Go, Dad, Goin
59.3%
Howling at a Concrete Moon*In
59.3%
Meditations on Turning EightShe
59.3%
Meditations on Turning Eightshe
59.3%
Meditations on Turning Eightshe
59.3%
Meditations on Turning EightShe
59.3%
Meditations on Turning Eightshe
59.3%
Meditations on Turning Eightis
59.1%
Elegy for Geezer Rockis
59.1%
Meditations on Turning Eighthe
55.6%
Meditations on Turning Eighthad
55.1%
Meditations on Turning Eighthad
55.1%
Howling at a Concrete Moon*my
54.8%
Howling at a Concrete Moon*my
54.8%
Howling at a Concrete Moon*my
54.8%
Howling at a Concrete Moon*my
54.8%
Meditations on Turning Eightmy
54.8%
Elegy for Geezer Rockmy
54.8%
Meditations on Turning Eightme
53.4%
Elegy for Geezer Rockme.
53.4%
Meditations on Turning EightWhy
49.2%
Meditations on Turning Eightwhy
49.2%
Elegy for Geezer RockWhy
49.2%
Elegy for Geezer RockWhy
49.2%
Go, Dad, Goand
48%
Howling at a Concrete Moon*and
48%
Elegy for Geezer RockAnd
48%
Elegy for Geezer RockAnd
48%
Meditations on Turning EightSnowball.
47.5%
Meditations on Turning Eightwas
47.3%
Meditations on Turning Eightdied,
46.3%
Meditations on Turning Eightdied.
46.3%
Meditations on Turning Eightdied--
46.3%
Howling at a Concrete Moon*to
46.1%
Elegy for Geezer Rockto
46.1%
Elegy for Geezer RockTo
46.1%
Elegy for Geezer Rockto
46.1%
Meditations on Turning Eightnamed
45.6%
Meditations on Turning Eightnamed
45.6%
Go, Dad, GoHow
44.9%
Meditations on Turning EightMom
44.2%
Meditations on Turning Eightsaid
43.3%
Hint Answer % Correct
Meditations on Turning Eightoh
43.3%
Cat Mathone
41.6%
Cat Mathone
41.6%
Cat MathOne
41.6%
Cat Mathone
41.6%
Howling at a Concrete Moon*at
41.4%
Elegy for Geezer Rockat
41.4%
Meditations on Turning Eightlied,
41.1%
Meditations on Turning Eightlied!
41.1%
Howling at a Concrete Moon*moon,
39.5%
Meditations on Turning Eightthat
39%
Howling at a Concrete Moon*dead
35.9%
Meditations on Turning Eightdead?
35.9%
Howling at a Concrete Moon*concrete
35.7%
Howling at a Concrete Moon*Howling
35.5%
Howling at a Concrete Moon*sleep.
34.3%
Cat Mathminus
33.1%
Meditations on Turning Eightsleeping.
31.7%
Cat Mathplus
31.4%
Cat Mathplus
31.4%
Elegy for Geezer Rockof
30.5%
Elegy for Geezer Rockof
30.5%
Elegy for Geezer Rockdid
27%
Meditations on Turning Eightinstead?
26.7%
Meditations on Turning Eighthit
26.2%
Elegy for Geezer RockWhat
26.2%
Elegy for Geezer Rockwhat,
26.2%
Meditations on Turning EightCouldn't
25.8%
Meditations on Turning Eighthamster
24.1%
Cat Mathequals
22.7%
Cat Mathequals
22.7%
Cat Mathgirl.
22.7%
Cat Mathlittle
21.5%
Cat MathFour
21.3%
Howling at a Concrete Moon*three
21.3%
Cat Mathsad
20.8%
Elegy for Geezer Rockthey
19.9%
Elegy for Geezer Rocksee.
17.7%
Elegy for Geezer Rocksee?
17.7%
Meditations on Turning EightChrysler
17.5%
Cat Mathnine
16.3%
Cat Mathnine
16.3%
Elegy for Geezer Rockby
16.1%
Howling at a Concrete Moon*like
15.1%
Cat Mathlives
13.5%
Cat Mathlives
13.5%
Elegy for Geezer Rockold
13.2%
Howling at a Concrete Moon*with
12.8%
Elegy for Geezer RockAll
12.5%
Cat Mathpaws
11.3%
Cat Mathtail
11.1%
Howling at a Concrete Moon*eyes.
10.6%
Elegy for Geezer Rockeyes
10.6%
Howling at a Concrete Moon*dream
10.4%
Elegy for Geezer Rockour
10.4%
Elegy for Geezer Rockthink
8.3%
Elegy for Geezer Rockthink
8.3%
Go, Dad, Goheavens
8%
Elegy for Geezer RockSpringfield
8%
Go, Dad, Godoth
7.6%
Hint Answer % Correct
Go, Dad, Gobrave,
7.6%
Howling at a Concrete Moon*soul
7.1%
Elegy for Geezer Rockthing
7.1%
Elegy for Geezer Rockfriend,
7.1%
Go, Dad, Gocelestial
6.6%
Howling at a Concrete Moon*eat
6.6%
Elegy for Geezer Rockthee.
6.6%
Elegy for Geezer Rockmust
6.6%
Go, Dad, Gopath
6.4%
Go, Dad, Gohero
6.1%
Go, Dad, Gopave.
6.1%
Elegy for Geezer Rockblue?
6.1%
Elegy for Geezer Rocksky
5.9%
Go, Dad, Gostrong
5.7%
Cat Mathspecial
5.7%
Cat Mathspecial
5.7%
Meditations on Turning EightSnuffy,
5.7%
Elegy for Geezer RockPostcard
5.7%
Howling at a Concrete Moon*after
5.2%
Howling at a Concrete Moon*shut
5.2%
Elegy for Geezer Rockface,
5.2%
Elegy for Geezer Rockimage,
5%
Howling at a Concrete Moon*corn
4.7%
Elegy for Geezer Rockgreen?
4.7%
Elegy for Geezer Rocktell,
4.5%
Elegy for Geezer Rockthy
4.3%
Elegy for Geezer Rockthy
4.3%
Elegy for Geezer Rockthy
4.3%
Elegy for Geezer RockThy
4.3%
Howling at a Concrete Moon*window
4%
Elegy for Geezer Rocklow
4%
Howling at a Concrete Moon*weeks.
3.8%
Howling at a Concrete Moon*smells
3.5%
Elegy for Geezer Rockbe-pass
3.5%
Howling at a Concrete Moon*pigeon
3.3%
Elegy for Geezer Rockthoughts
3.3%
Elegy for Geezer Rockart
3.3%
Elegy for Geezer Rocktrees
3.3%
Elegy for Geezer Rockart
3.3%
Elegy for Geezer Rockthine
3.3%
Elegy for Geezer Rockhand,
3.3%
Elegy for Geezer Rockpass.
3.3%
Elegy for Geezer Rockyouth.
3.3%
Elegy for Geezer Rockpray
3.1%
Elegy for Geezer RockPerchance,
3.1%
Elegy for Geezer RockBrought
3.1%
Elegy for Geezer Rockstand.
3.1%
Elegy for Geezer Rockthings
3.1%
Elegy for Geezer Rockmien?
2.8%
Elegy for Geezer Rockgazed
2.8%
Elegy for Geezer Rocknature's
2.8%
Elegy for Geezer Rockoafish
2.8%
Elegy for Geezer Rockcrush-ed
2.6%
Elegy for Geezer Rockreviewing
2.6%
Elegy for Geezer Rocktwixt
2.6%
Elegy for Geezer Rocktruth.
2.6%
Elegy for Geezer Rockstones
2.4%
Elegy for Geezer Rockglimpsed
2.4%
Elegy for Geezer Rocka'hind
2.1%
Remove Ads.
Support Sporcle.
Get the best of Sporcle when you Go Orange. This ad-free experience offers more features, more stats, and more fun while also helping to support Sporcle. Thank you for becoming a member.

You're not logged in!

Compare scores with friends on all Sporcle quizzes.
OR
Log In

Show Comments

Extras

Top Quizzes Today


Score Distribution

Your Account Isn't Verified!

In order to create a playlist on Sporcle, you need to verify the email address you used during registration. Go to your Sporcle Settings to finish the process.

Report this User

Report this user for behavior that violates our Community Guidelines.

Details: